00520nam a2200133Ia 4500003000900000005001700009008004100026040002800067110006300095245008400158260008100242300004500323650001800368DO-SdBJH20180416173420.0180414s9999 dr 000 0 spa d aDO-SdBJHbspacDO-SdBJH aInstituto de Cooperación para la Seguridad Hemisférica10aCH10 Etica militar / Instituto de Cooperación para la Seguridad Hemisférica aFuerte Benning, Georgia : Cuartel General Secretaría del Ejército, 1991 aii, 140 páginas en varias paginaciones 4aEtica militar